Bộ giáo trình phổ cập công nghệ thông tin dùng trong các cơ quan Đảng T2: Một số chương trình ứng dụng cơ bản
Giáo trình này gồm 3 tập. Tập 1: Tổng quan về công nghệ thông tin và hệ điều hành; Tập 2: Một số chương trình ứng dụng cơ bản; T3: Một số chương trình ứng dụng trong các cơ quan Đảng
Tallennettuna:
| Päätekijä: | |
|---|---|
| Aineistotyyppi: | Kirja |
| Kieli: | Undetermined |
| Julkaistu: |
Hà Nội
Chính trị Quốc gia
1997
|
| Aiheet: | |
| Tagit: |
Lisää tagi
Ei tageja, Lisää ensimmäinen tagi!
|
| Thư viện lưu trữ: | Trung tâm Học liệu Trường Đại học Cần Thơ |
|---|
| LEADER | 01040nam a2200217Ia 4500 | ||
|---|---|---|---|
| 001 | CTU_22917 | ||
| 008 | 210402s9999 xx 000 0 und d | ||
| 020 | |c 37000 | ||
| 082 | |a 651.8 | ||
| 082 | |b D309/T.2 | ||
| 100 | |a Phan, Đình Diệu | ||
| 245 | 0 | |a Bộ giáo trình phổ cập công nghệ thông tin dùng trong các cơ quan Đảng | |
| 245 | 0 | |b T2: Một số chương trình ứng dụng cơ bản | |
| 245 | 0 | |c Phan Đình Diệu, Đặng Thanh Phú | |
| 260 | |a Hà Nội | ||
| 260 | |b Chính trị Quốc gia | ||
| 260 | |c 1997 | ||
| 520 | |a Giáo trình này gồm 3 tập. Tập 1: Tổng quan về công nghệ thông tin và hệ điều hành; Tập 2: Một số chương trình ứng dụng cơ bản; T3: Một số chương trình ứng dụng trong các cơ quan Đảng | ||
| 650 | |a electronic data processing | ||
| 904 | |i Nguyễn Quang Điền, 980706 | ||
| 980 | |a Trung tâm Học liệu Trường Đại học Cần Thơ | ||